| 000 | 00594cam a22002291 4500 | ||
|---|---|---|---|
| 001 | ne 67001173 | ||
| 003 | DLC | ||
| 005 | 20260227111832.0 | ||
| 008 | 890331s1966 xx ae 000 0 ara | ||
| 010 | _ane 67001173 | ||
| 035 | _a(OCoLC)23510572 | ||
| 040 |
_aDLC _cMiU _dDLC |
||
| 043 | _aa-iq--- | ||
| 050 | 0 | 0 |
_aLB3219.I7 _bM3 |
| 100 | 1 | _aMaʻrūf, Nājī. | |
| 245 | 1 | 0 | _aTakhṭīṭ Baghdād. |
| 260 | _c1966. | ||
| 300 |
_a32 p. _billus., plans (1 fold.) _c24 cm. |
||
| 500 | _aRomanized. | ||
| 650 | 0 |
_aSchool buildings _zIraq _zBaghdad. |
|
| 650 | 0 |
_aArchitecture _zIraq _zBaghdad. |
|
| 999 |
_c49661 _d49661 |
||